000 00615nam a22002057a 4500
003 koha_MIRAKIL
005 20231213100003.0
008 231213b |||||||| |||| 00| 0 ||| d
020 _b978-9-94471763-2
040 _aTR-IsEVY
_btur
_cTR-IsEVY
082 _a100 LAB/Ç
100 _aLabbe, Brigitte.
245 0 _aÇıtır çıtır felsefe
_bzaman çok ve zaman yok
250 _a13. bs.
260 _bGünışığı Kitaplığı,
_c2015
300 _a39 s.
650 _aFelsefe -- Zaman -- Zaman algısı, çocuklarda.
650 _aPhilosophy -- Time -- Time perception in children.
942 _2ddc
_cBK
999 _c12665
_d12665